<?xml version="1.0" encoding="UTF-8"?>
<record
    xmlns:xsi="http://www.w3.org/2001/XMLSchema-instance"
    xsi:schemaLocation="http://www.loc.gov/MARC21/slim http://www.loc.gov/standards/marcxml/schema/MARC21slim.xsd"
    xmlns="http://www.loc.gov/MARC21/slim">

  <leader>02046pam a2200349 i 4500</leader>
  <controlfield tag="001">B-265082-087</controlfield>
  <controlfield tag="005">19800908000000.0</controlfield>
  <controlfield tag="008">791105s1980    nyua   j      000 1 eng  </controlfield>
  <datafield tag="010" ind1=" " ind2=" ">
    <subfield code="a">B-265082-087</subfield>
  </datafield>
  <datafield tag="020" ind1=" " ind2=" ">
    <subfield code="a">0448436981</subfield>
  </datafield>
  <datafield tag="035" ind1=" " ind2=" ">
    <subfield code="a">B-265082-087</subfield>
  </datafield>
  <datafield tag="040" ind1=" " ind2=" ">
    <subfield code="a">DPL</subfield>
  </datafield>
  <datafield tag="082" ind1=" " ind2=" ">
    <subfield code="a">S</subfield>
  </datafield>
  <datafield tag="100" ind1=" " ind2=" ">
    <subfield code="a">Dixon, Franklin W.</subfield>
  </datafield>
  <datafield tag="245" ind1=" " ind2=" ">
    <subfield code="a">The Pentagon spy /</subfield>
    <subfield code="c">Franklin W. Dixon </subfield>
  </datafield>
  <datafield tag="260" ind1=" " ind2=" ">
    <subfield code="a">New York :</subfield>
    <subfield code="b">Grosset &amp; Dunlap</subfield>
    <subfield code="c">2005</subfield>
  </datafield>
  <datafield tag="300" ind1=" " ind2=" ">
    <subfield code="a">182 p. :</subfield>
    <subfield code="b">ill. ;</subfield>
    <subfield code="c">20 cm (Hb)</subfield>
  </datafield>
  <datafield tag="490" ind1=" " ind2=" ">
    <subfield code="a">The Hardy boys mystery stories ; 61</subfield>
  </datafield>
  <datafield tag="520" ind1=" " ind2=" ">
    <subfield code="a">Valuable antique weathervanes are being stolen in the Pennsylvania Dutch country. A Navy employee removes a top secret document from the Pentagon. The Hardy brothers try to solve these two seemingly unrelated mysteries.</subfield>
  </datafield>
  <datafield tag="650" ind1=" " ind2=" ">
    <subfield code="a">Mystery and detective stories.</subfield>
  </datafield>
  <datafield tag="700" ind1=" " ind2=" ">
    <subfield code="a">Morrill, Leslie H.</subfield>
  </datafield>
  <datafield tag="942" ind1=" " ind2=" ">
    <subfield code="2">ddc</subfield>
    <subfield code="c">CH</subfield>
    <subfield code="h">S</subfield>
    <subfield code="m">DIX</subfield>
  </datafield>
  <datafield tag="999" ind1=" " ind2=" ">
    <subfield code="c">14608</subfield>
    <subfield code="d">14608</subfield>
  </datafield>
  <datafield tag="952" ind1=" " ind2=" ">
    <subfield code="0">0</subfield>
    <subfield code="1">0</subfield>
    <subfield code="4">0</subfield>
    <subfield code="7">0</subfield>
    <subfield code="8">FIC</subfield>
    <subfield code="a">L</subfield>
    <subfield code="b">L</subfield>
    <subfield code="d">2008-07-28</subfield>
    <subfield code="g">135.00</subfield>
    <subfield code="l">0</subfield>
    <subfield code="o">S DIX</subfield>
    <subfield code="p">B-265082</subfield>
    <subfield code="r">2008-09-15 00:00:00</subfield>
    <subfield code="t">1</subfield>
    <subfield code="v">135.00</subfield>
    <subfield code="w">2008-09-15</subfield>
    <subfield code="y">CH</subfield>
  </datafield>
  <datafield tag="952" ind1=" " ind2=" ">
    <subfield code="0">0</subfield>
    <subfield code="1">0</subfield>
    <subfield code="4">0</subfield>
    <subfield code="7">0</subfield>
    <subfield code="8">FIC</subfield>
    <subfield code="a">BL1</subfield>
    <subfield code="b">BL1</subfield>
    <subfield code="d">2008-07-28</subfield>
    <subfield code="g">135.00</subfield>
    <subfield code="l">1</subfield>
    <subfield code="o">S DIX</subfield>
    <subfield code="p">B-265083</subfield>
    <subfield code="r">2019-08-06 00:00:00</subfield>
    <subfield code="s">2019-07-09</subfield>
    <subfield code="t">1</subfield>
    <subfield code="v">135.00</subfield>
    <subfield code="w">2008-09-15</subfield>
    <subfield code="y">CH</subfield>
  </datafield>
  <datafield tag="952" ind1=" " ind2=" ">
    <subfield code="0">0</subfield>
    <subfield code="1">0</subfield>
    <subfield code="4">0</subfield>
    <subfield code="7">0</subfield>
    <subfield code="8">FIC</subfield>
    <subfield code="a">PR</subfield>
    <subfield code="b">PR</subfield>
    <subfield code="d">2008-07-28</subfield>
    <subfield code="g">135.00</subfield>
    <subfield code="l">0</subfield>
    <subfield code="o">S DIX</subfield>
    <subfield code="p">B-265084</subfield>
    <subfield code="r">2008-09-15 00:00:00</subfield>
    <subfield code="t">1</subfield>
    <subfield code="v">135.00</subfield>
    <subfield code="w">2008-09-15</subfield>
    <subfield code="y">CH</subfield>
  </datafield>
  <datafield tag="952" ind1=" " ind2=" ">
    <subfield code="0">0</subfield>
    <subfield code="1">0</subfield>
    <subfield code="4">0</subfield>
    <subfield code="7">0</subfield>
    <subfield code="8">FIC</subfield>
    <subfield code="a">ZLS</subfield>
    <subfield code="b">ZLS</subfield>
    <subfield code="d">2008-07-28</subfield>
    <subfield code="g">135.00</subfield>
    <subfield code="l">3</subfield>
    <subfield code="o">S DIX</subfield>
    <subfield code="p">B-265085</subfield>
    <subfield code="r">2026-05-30 15:39:01</subfield>
    <subfield code="s">2026-05-14</subfield>
    <subfield code="t">1</subfield>
    <subfield code="v">135.00</subfield>
    <subfield code="w">2008-09-15</subfield>
    <subfield code="y">CH</subfield>
  </datafield>
  <datafield tag="952" ind1=" " ind2=" ">
    <subfield code="0">0</subfield>
    <subfield code="1">0</subfield>
    <subfield code="2">ddc</subfield>
    <subfield code="4">0</subfield>
    <subfield code="7">0</subfield>
    <subfield code="8">FIC</subfield>
    <subfield code="a">BN</subfield>
    <subfield code="b">BN</subfield>
    <subfield code="d">2008-07-28</subfield>
    <subfield code="g">135.00</subfield>
    <subfield code="l">2</subfield>
    <subfield code="o">S DIX</subfield>
    <subfield code="p">B-265086</subfield>
    <subfield code="r">2024-04-01 00:00:00</subfield>
    <subfield code="s">2024-03-12</subfield>
    <subfield code="t">1</subfield>
    <subfield code="v">135.00</subfield>
    <subfield code="w">2008-09-15</subfield>
    <subfield code="y">CH</subfield>
  </datafield>
  <datafield tag="952" ind1=" " ind2=" ">
    <subfield code="0">0</subfield>
    <subfield code="1">0</subfield>
    <subfield code="4">0</subfield>
    <subfield code="7">0</subfield>
    <subfield code="8">FIC</subfield>
    <subfield code="a">BL4</subfield>
    <subfield code="b">BL4</subfield>
    <subfield code="d">2008-07-28</subfield>
    <subfield code="g">135.00</subfield>
    <subfield code="l">2</subfield>
    <subfield code="m">2</subfield>
    <subfield code="o">S DIX</subfield>
    <subfield code="p">B-265087</subfield>
    <subfield code="r">2023-07-14 00:00:00</subfield>
    <subfield code="s">2023-06-09</subfield>
    <subfield code="t">1</subfield>
    <subfield code="v">135.00</subfield>
    <subfield code="w">2008-09-15</subfield>
    <subfield code="y">CH</subfield>
  </datafield>
  <datafield tag="952" ind1=" " ind2=" ">
    <subfield code="0">0</subfield>
    <subfield code="1">0</subfield>
    <subfield code="4">0</subfield>
    <subfield code="7">0</subfield>
    <subfield code="8">FIC</subfield>
    <subfield code="a">VP</subfield>
    <subfield code="b">VP</subfield>
    <subfield code="d">2008-09-08</subfield>
    <subfield code="e">Blueberry/4571/19.8.08/192/21.7.08/19.8.08</subfield>
    <subfield code="g">135.00</subfield>
    <subfield code="l">5</subfield>
    <subfield code="o">S DIX</subfield>
    <subfield code="p">B-284731</subfield>
    <subfield code="r">2023-04-24 00:00:00</subfield>
    <subfield code="s">2023-04-10</subfield>
    <subfield code="t">1</subfield>
    <subfield code="v">135.00</subfield>
    <subfield code="w">2008-09-15</subfield>
    <subfield code="y">CH</subfield>
  </datafield>
</record>
